000 02082nam a2200349 i 4500
003 CO-BoRNBP
005 20250226101617.0
007 ta
008 231009t2021 ck a|||g| 001 0|spa |
020 _a978958491936
020 _a9584291939
040 _aCO-BoRNBP
_bspa
_erda
_cCO-BoRNBP
041 0 _hspa
082 0 4 _a305.4092
_bP41t
100 1 _aPlaqueta
_d1983-
_eautora
_958821
245 1 1 _a#Tu barrio te respalda
_bbreve historia ilustrada de las mujeres/
_cPlaqueta; ilustraciones por Andonella
250 _aPrimera edición
264 _aBogotá, Colombia
_bPlaneta Colombiana S.A.
_c2021
300 _a189 páginas
_bilustraciones a color
_c23 cm
336 _atexto
_btxt
_2rdacontent
337 _asin mediación
_bn
_2rdamedia
338 _avolumen
_bnc
_2rdacarrier
500 _aIncluye un póster y stickers.
500 _aAndonella es el seudónimo de Andrea Arsuaga Alfaro
500 _aPlaqueta es el seudónimo de Tamara de Anda Prieto
520 3 _aEn este primer tomo, recorrimos desde la era de las cavernas hasta el voto universal. Nuestra misión: recordar a todas las genias que se salieron del huacal y lucharon para que hoy tengamos los mismos derechos que los señores. Mujeres que no fueron reconocidas y tienen historias increíbles que deberíamos saber. Descubrimos que las piratas existieron, que una mujer creó el primer programa de computación y que las bicis son un símbolo de liberación femenina. ¡Ya estuvo bueno de que nos borren de la historia! Por eso te contamos, de forma hiperresumida, estos primeros 50 momentos en los que hackeamos el sistema. Amiga, date cuenta: el feminismo no es una moda, es una lucha que lleva siglos. Para sumarte, hay que conocer a las que estuvieron antes que nosotras y saber que ¡tu barrio feminista te respalda! ¡Incluye un póster coleccionable con todas estas ídolas y stickers increíbles!
650 1 7 _aMujeres
_2LEMB
_958822
650 1 7 _aFeminismo
_2LEMB
_91108
650 1 7 _aVida social y costumbres
_2LEMB
700 1 _aAndonella
_d1991-
_eilustradora
_958823
942 _2ddc
_cBK
999 _c56972
_d56972